000
00380nam a2200133Ia 4500
008
151001s9999||||xx |||||||||||||| ||und||
100
_a
हरी नारायण आपटे
245
_a
पण लक्षात कोण घेतो
250
_a
9
260
_b
आर्यभूषण मुद्रणालय
260
_c
1965
300
_a
503
365
_b
21
999
_c
956675
_d
956672